| 000 | 00578nam a22001937a 4500 | ||
|---|---|---|---|
| 005 | 20250717110100.0 | ||
| 008 | 250717b |||||||| |||| 00| 0 eng d | ||
| 020 | _a978-1-285-16373-4 | ||
| 050 | _aHF5636 .W37 2014 | ||
| 100 | _a WARREN, CARL S. | ||
| 245 | _aFINANCIAL AND MANAGERIAL ACCOUNTING | ||
| 250 | _a12 | ||
| 260 |
_aMASON, OH, _bSOUTH-WESTERN/CENGAGE LEARNING, _c2014 |
||
| 300 | _aXXXII,1280P.:ILL | ||
| 500 | _aINCLUDES INDEX | ||
| 650 | _a1. ACCOUNTING 2. MANAGERIAL ACCOUNTING | ||
| 700 |
_aREEVE, JAMES M. _aDUCHAC, JONATHAN E. |
||
| 942 |
_2lcc _cBK |
||
| 999 |
_c215916 _d215916 |
||